00351nam a2200133Ia 4500008004100000041000800041082001300049100002200062245002800084260003500112300001900147365000700166520004400173240719s9999 xx 000 0 und d aeng a 920 AZA aAzad, Nabi Ghulam aAzaad: An Autobiography aMumbaibRUPA PUBLICATIONc2023 a309.; P. 22 Cm cRS aFaculty Purchase By Dr. Jitendra Sharma